| 000 | 00475cam a2200181ua 4500 | ||
|---|---|---|---|
| 001 | 3609 | ||
| 008 | 111122n ii |||gr||||Z||||||asm | ||
| 040 | _cMAIN | ||
| 082 | _a891.4513 | ||
| 100 | 1 |
_aBharali, Udayaditya, _eAuthor. |
|
| 245 | 1 | 1 |
_aBeimanar thikana sandhan _cby Udayaditya Bharali |
| 250 | _a1st. | ||
| 260 |
_aGuwahati: _bJunaki Prakashan,994. |
||
| 300 |
_a105p: _c23cm. |
||
| 653 | _aAssamese short stories | ||
| 653 | _aBeimanar thikana sandhan | ||
| 942 | _cBK | ||
| 999 |
_c3450 _d3450 |
||